El canto gregoriano (Record no. 11136)

MARC details
000 -LEADER
campo de control de longitud fija 00772nam a22002535i 4500
001 - NÚMERO DE CONTROL
campo de control 11136
003 - IDENTIFICADOR DE NÚMERO DE CONTROL
campo de control ES-MaACL
005 - FECHA Y HORA DE LA ÚLTIMA TRANSACCIÓN
campo de control 20230906150033.0
007 - CAMPO FIJO DE DESCRIPCIÓN FÍSICA--INFORMACIÓN GENERAL
campo de control de longitud fija t|
008 - DATOS DE LONGITUD FIJA--INFORMACIÓN GENERAL
campo de control de longitud fija 950919s1995 sp ||||0| spa j
020 ## - NÚMERO INTERNACIONAL ESTÁNDAR DEL LIBRO
Número Internacional Estándar del Libro 84-7880-493-5
040 ## - FUENTE DE CATALOGACIÓN
Centro catalogador/agencia de origen M-BN
Lengua de catalogación spa
Centro/agencia transcriptor M-BN
080 ## - NÚMERO DE LA CLASIFICACIÓN DECIMAL UNIVERSAL
Número de la Clasificación Decimal Universal 783.51
100 1# - ENTRADA PRINCIPAL--NOMBRE DE PERSONA
Nombre de persona Le Mée, Katharine.
9 (RLIN) 70900
245 13 - MENCIÓN DEL TÍTULO
Título El canto gregoriano
Resto del título : su historia y sus misterios /
Mención de responsabilidad, etc. Katharine Le Mée ; [traducción, Rosa Cifuentes y Ana Ripollés].
260 ## - PUBLICACIÓN, DISTRIBUCIÓN, ETC.
Lugar de publicación, distribución, etc. Madrid :
Nombre del editor, distribuidor, etc. Temas de Hoy,
Fecha de publicación, distribución, etc. 1995.
300 ## - DESCRIPCIÓN FÍSICA
Extensión 205 p ;
Dimensiones 15 cm.
500 ## - NOTA GENERAL
Nota general Traducción de: Chant.
650 #4 - PUNTO DE ACCESO ADICIONAL DE MATERIA--TÉRMINO DE MATERIA
Término de materia o nombre geográfico como elemento de entrada Canto gregoriano.
9 (RLIN) 10754
700 1# - ENTRADA AGREGADA--NOMBRE PERSONAL
Nombre de persona Cifuentes, Rosa.
9 (RLIN) 38808
700 1# - ENTRADA AGREGADA--NOMBRE PERSONAL
Nombre de persona Ripollés, Ana.
9 (RLIN) 97439
852 ## - LOCALIZACIÓN
Ubicación ES-MaACL
Número de control de estantería L-18536
Sublocalización o colección R.124758
Holdings
Estatus retirado Estado de pérdida Estado de daño No para préstamo Biblioteca de origen Biblioteca actual Ubicación en estantería Fecha de adquisición Fuente de adquisición Total de préstamos Signatura topográfica completa Código de barras Visto por última vez Precio de reemplazo Tipo de ítem Koha
        Biblioteca del Ateneo de Madrid Biblioteca del Ateneo de Madrid Depósito 2 17/01/2008     L-18536 1011356 23/02/2023 23/02/2023 Libro impreso